The CRM Handbook: (Record no. 200836)

MARC details
000 -LEADER
fixed length control field 00672nam a22001937a 4500
005 - DATE AND TIME OF LATEST TRANSACTION
control field 20240216111958.0
010 ## - LCCN (DPL NO)
LC control number ENG-139310
020 ## - INTERNATIONAL STANDARD BOOK NUMBER
Terms of availability 825.00
International Standard Book Number 9788177587623
035 ## - SYSTEM CONTROL NUMBER
System control number EN-122842
037 ## - SOURCE OF ACQUISITION
Source of stock number/acquisition DBAD/PUB
082 ## - DEWEY DECIMAL CLASSIFICATION NUMBER
Classification number 658.403
Edition number 1
100 ## - MAIN ENTRY--PERSONAL NAME
Personal name Dyche, Jill
245 ## - TITLE STATEMENT
Title The CRM Handbook:
Remainder of title A Business Guide to Customer Relationship Management/
Statement of responsibility, etc By Jill Dyche
250 ## - EDITION STATEMENT
Edition statement 1
260 ## - PUBLICATION, DISTRIBUTION, ETC. (IMPRINT)
Place of publication, distribution, etc Uttar Pradesh
Name of publisher, distributor, etc Pearson India Education Pvt Ltd
Date of publication, distribution, etc 2023
270 ## - ADDRESS
City Uttar Pradesh
Address 15th FLoor, Tower-B, World Trade Tower, Plot No.1, Block- C, Sector-16, Noida
Postal code 201301
300 ## - PHYSICAL DESCRIPTION
Extent vpp.
Dimensions 24cm(pb)
Other physical details Index
942 ## - ADDED ENTRY ELEMENTS (KOHA)
Source of classification or shelving scheme Dewey Decimal Classification
Item type English Books
Classification part 658.403
Call number suffix DYC
Edition 1
Holdings
Withdrawn status Lost status Not for loan Collection code Home library Current library Date acquired Source of acquisition Cost, normal purchase price Full call number Barcode Copy number Cost, replacement price Koha item type
      Non-fiction Tri Nagar Tri Nagar 16/02/2024 DBAD/PUB 825.00 658.403 DYC EN-122842 1 825.00 English Books

© Delhi Public Library
Hit Counter
free hit counter